000 00762nam a2200241 i 4500
001 187013
003 SpMaBN
005 20230906222809.0
008 170328s1990 sp ad |||| | spa d
020 _a84-7719-138-7
080 _a622.1:528(075.8)
100 1 _aFernández Fernández, Luis.
_9162214
245 1 0 _aTopografía minera /
_cLuis Fernández Fernández.
250 _a2ª ed. aum.
260 _aLeón :
_bUniversidad, Secretariado de Publicaciones,
_c1990.
300 _a432 p. :
_bil., gráf. ;
_c24 cm.
500 _aÍndice.
504 _aReferencias bibliográficas.
596 _aEn contracub.: Diputación de León.
650 7 _aTopografía minera.
_9162215
710 2 _aUniversidad de León.
_97200
852 _aES-MaACL
_jL-31332
999 _c187013
_d187013